| 000 | 00637nam a22002177a 4500 | ||
|---|---|---|---|
| 999 |
_c6717 _d6717 |
||
| 003 | AR-CdUCM | ||
| 008 | 190319b ||||| |||| 00| 0 spa d | ||
| 040 |
_aMUNICIPALIDAD PROVINCIAL DEL CUSCO _cBIBLIOTECA MUNICIPAL DEL CUSCO |
||
| 041 | _hita | ||
| 082 |
_a503 / _bL47 |
||
| 100 |
_aLeonardi, Raffaele _918904 |
||
| 245 | _aDiccionario ilustrado de las ciencias puras y aplicadas / | ||
| 260 |
_aBuenos Aires : _bMundi, _c1959. |
||
| 300 |
_atomos ; _c24 cm. |
||
| 505 | _aContenido : t.2: Ero-M | ||
| 650 |
_aDiccionarios _95105 |
||
| 650 |
_aCiencia _92098 |
||
| 650 |
_aTecnologĂa _91571 |
||
| 942 |
_2ddc _cLIBROS |
||
| 945 | _azta | ||